Oficjalnie Uznawane Języki w Indiach - Statystyki

Ogólne statystyki
  • Ten quiz został rozwiązany 25 razy
  • Średni wynik to 4 z 23
Statystyki odpowiedzi
Native Speakerów Język % Poprawnych
528,000,000 Hindi
91%
226,000 Angielski
82%
69,000,000 Tamil
36%
50,800,000 Urdu
36%
55,500,000 Gudżarati
23%
83,000,000 Marathi
23%
2,930,000 Nepalski
23%
81,000,000 Telugu
23%
43,700,000 Kannada
18%
33,000,000 Pendżabski
18%
Nikt Sanskryt
18%
6,800,000 Kaszmirski
9%
13,600,000 Maithili
5%
34,800,000 Malajalam
5%
2,780,000 Sindhi
5%
15,300,000 Asamski
0%
1,480,000 Bodo
0%
97,200,000 Dengalski
0%
2,600,000 Dogri
0%
2,260,000 Konkani
0%
1,760,000 Manipuri
0%
37,500,000 Odia
0%
7,400,000 Santali
0%
Nie znaleziono quizów pasujących do podanych kryteriów
Rozkład punktacji
Procent ludzi z każdym wynikiem
Percentyl według liczby udzielonych odpowiedzi
Twoja historia wyników
Nie rozwiązałeś tego quizu